[Event "Foment Martinenc op-A 24th"]
[Site "Barcelona"]
[Date "2024.06.15"]
[Round "9"]
[White "Parra Ordorica, Arnau"]
[Black "Aleksanyan Israelyan, Nicolas"]
[Result "1/2-1/2"]
[WhiteElo "1964"]
[BlackElo "2040"]
[PlyCount "77"]
[EventDate "2024.04.20"]
[EventType "swiss"]
[EventRounds "9"]
[EventCountry "ESP"]
[SourceTitle "CB25_2024"]
[SourceDate "2024.06.01"]
[SourceVersion "1"]
[SourceVersionDate "2024.06.01"]
[SourceQuality "2"]

1. d4 d5 2. c4 c6 3. e3 Nf6 4. Nf3 Bg4 5. Nc3 e6 6. h3 Bxf3 7. Qxf3 Bb4 8. Bd3 Nbd7 9. 0-0 0-0 10. e4 Bxc3 11. bxc3 dxe4 12. Bxe4 Nxe4 13. Qxe4 Nf6 14. Qe5 Nd7 15. Qg3 Nb6 16. Rb1 Qe7 17. c5 Nc8 18. a4 Rd8 19. a5 Rd7 20. Bf4 Qd8 21. a6 b6 22. Qf3 Ne7 23. Bh2 Rc8 24. Rfd1 h6 25. g4 Ng6 26. Bd6 Rxd6 27. cxd6 Qxd6 28. c4 Qc7 29. d5 exd5 30. cxd5 Qf4 31. Qxf4 Nxf4 32. dxc6 Ne2+ 33. Kh2 Nc3 34. Rbc1 Nxd1 35. Rxd1 Rxc6 36. Rd7 Rc2 37. Kg2 Ra2 38. Rxa7 b5 39. Ra8+ 1/2-1/2

[Event "Foment Martinenc op-A 24th"]
[Site "Barcelona"]
[Date "2024.05.18"]
[Round "5"]
[White "Parra Ordorica, Arnau"]
[Black "Fernandez Gonzalez, Julio Honorio"]
[Result "1-0"]
[WhiteElo "1964"]
[BlackElo "1923"]
[PlyCount "50"]
[EventDate "2024.04.20"]
[EventType "swiss"]
[EventRounds "9"]
[EventCountry "ESP"]
[SourceTitle "CB25_2024"]
[SourceDate "2024.06.01"]
[SourceVersion "1"]
[SourceVersionDate "2024.06.01"]
[SourceQuality "2"]

1. d4 Nf6 2. c4 c5 3. d5 e6 4. Nc3 exd5 5. cxd5 d6 6. h3 g6 7. e4 Bg7 8. Nf3 0-0 9. Be3 Re8 10. Nd2 Na6 11. Be2 Nc7 12. Qc2 a6 13. a4 b6 14. Nc4 Rb8 15. Bf4 Bf8 16. Bg5 h6 17. Bh4 Bd7 18. Bg3 b5 19. axb5 Bxb5 20. 0-0 Bxc4 21. Bxc4 Nb5 22. Rxa6 Nxc3 23. bxc3 Nxe4 24. Bh2 Qf6 25. Rc1 Ra8 1-0

[Event "Foment Martinenc op-A 24th"]
[Site "Barcelona"]
[Date "2024.05.04"]
[Round "3"]
[White "Parra Ordorica, Arnau"]
[Black "Travesset Sagre, Jan"]
[Result "0-1"]
[WhiteElo "1964"]
[BlackElo "2238"]
[PlyCount "90"]
[EventDate "2024.04.20"]
[EventType "swiss"]
[EventRounds "9"]
[EventCountry "ESP"]
[SourceTitle "CB25_2024"]
[SourceDate "2024.06.01"]
[SourceVersion "1"]
[SourceVersionDate "2024.06.01"]
[SourceQuality "2"]

1. d4 d5 2. c4 c6 3. Nf3 Nf6 4. Qc2 dxc4 5. Qxc4 Bg4 6. e3 Nbd7 7. Bd3 Bxf3 8. gxf3 e5 9. Qb3 exd4 10. exd4 Nb6 11. Be3 Nfd5 12. Nc3 Nxe3 13. fxe3 Qh4+ 14. Kd2 g6 15. Ne4 Qe7 16. Rae1 Qb4+ 17. Qxb4 Bxb4+ 18. Nc3 0-0-0 19. a3 Be7 20. b4 f5 21. f4 Bh4 22. Rc1 a6 23. a4 Kb8 24. b5 cxb5 25. axb5 a5 26. Ra1 Be7 27. Na4 Bb4+ 28. Ke2 Nxa4 29. Rxa4 Rhe8 30. Kf3 Bd2 31. e4 fxe4+ 32. Bxe4 Rf8 33. Rd1 Rxf4+ 34. Kg3 Be3 35. d5 g5 36. Rd3 Bf2+ 37. Kg2 Re8 38. Ra2 Rexe4 39. Rxf2 Rxf2+ 40. Kxf2 Kc7 41. Kf3 Rb4 42. Re3 Rxb5 43. Rd3 a4 44. Ke4 Kd6 45. Ra3 Ra5 0-1

[Event "Catalunya-chT Gp2 Final"]
[Site "Barcelona"]
[Date "2024.03.09"]
[Round "1.10"]
[White "Parra Ordorica, Arnau"]
[Black "Lambert Pont, Michael"]
[Result "1-0"]
[WhiteElo "1976"]
[BlackElo "1998"]
[PlyCount "134"]
[EventDate "2024.03.09"]
[EventType "team-k.o."]
[EventRounds "4"]
[EventCountry "ESP"]
[SourceTitle "CB25_2024"]
[SourceDate "2024.06.01"]
[SourceVersion "1"]
[SourceVersionDate "2024.06.01"]
[SourceQuality "2"]
[WhiteTeam "Llinars"]
[BlackTeam "Mollet"]
[WhiteTeamCountry "ESP"]
[BlackTeamCountry "ESP"]

1. d4 e6 2. Nf3 Nf6 3. g3 b6 4. Bg2 Bb7 5. 0-0 Be7 6. b3 0-0 7. Bb2 d5 8. c4 Nbd7 9. Nc3 Rc8 10. Rc1 Bb4 11. a3 Bxc3 12. Bxc3 Ne4 13. Bb2 f5 14. Qd3 c6 15. Rc2 Ba6 16. Rfc1 g5 17. e3 g4 18. Ne1 h5 19. Qd1 h4 20. cxd5 cxd5 21. Rxc8 Bxc8 22. Nd3 hxg3 23. hxg3 Nd6 24. a4 Ne8 25. Qc2 Ba6 26. Nf4 Qf6 27. Qc6 Rf7 28. Qxe6 Qxe6 29. Nxe6 Ndf6 30. Ba3 Rd7 31. Nf8 Rc7 32. Rxc7 Nxc7 33. Ng6 Bd3 34. Bd6 Nfe8 35. Bxc7 Nxc7 36. Ne7+ Kf7 37. Nxd5 Ne8 38. Nb4 Be2 39. Nc6 a5 40. Bd5+ Kf6 41. Ne5 Ke7 42. Nc4 Bxc4 43. Bxc4 Nd6 44. f3 Kd7 45. fxg4 fxg4 46. Be2 Ne4 47. Bxg4+ Kd6 48. Bd1 Nxg3 49. Kg2 Ne4 50. Kf3 Kd5 51. Kf4 Nc3 52. Bf3+ Kd6 53. e4 b5 54. e5+ Ke7 55. axb5 Nxb5 56. d5 Nd4 57. Bd1 Nb5 58. d6+ Kd8 59. Kf5 Nc3 60. Bg4 Kd7 61. Kf6+ Kc6 62. d7 Ne4+ 63. Ke7 Nc5 64. d8Q Nxb3 65. Qd6+ Kb5 66. Be2+ Ka4 67. Bd1 Kb5 1-0

[Event "Santa Susanna op 15th"]
[Site "Santa Susanna"]
[Date "2021.08.05"]
[Round "8"]
[White "Farre I Benseny, Miquel"]
[Black "Parra Ordorica, Arnau"]
[Result "1/2-1/2"]
[WhiteElo "1944"]
[BlackElo "1915"]
[PlyCount "127"]
[EventDate "2021.08.02"]
[EventType "swiss"]
[EventRounds "9"]
[EventCountry "ESP"]
[SourceTitle "EXT 2022"]
[Source "ChessBase"]
[SourceDate "2021.10.06"]
[SourceVersion "1"]
[SourceVersionDate "2021.10.06"]
[SourceQuality "1"]

1. e4 c6 2. Nc3 d5 3. Nf3 dxe4 4. Nxe4 Nf6 5. Qe2 Nxe4 6. Qxe4 Nd7 7. Bc4 Nf6 8. Ne5 e6 9. Qe2 b5 10. Bb3 Qc7 11. d4 Bd6 12. a3 0-0 13. Nd3 Re8 14. 0-0 a5 15. a4 Ba6 16. Nc5 Bxc5 17. dxc5 b4 18. Bc4 Bxc4 19. Qxc4 Nd5 20. Bg5 Qe5 21. Bc1 Red8 22. f4 Qf6 23. Rf3 Nc7 24. Qe2 Rd5 25. c4 Rd7 26. f5 exf5 27. Bf4 Ne6 28. Re1 Qd4+ 29. Be3 Qd3 30. Qxd3 Rxd3 31. Rxf5 Rad8 32. Re5 Rd1 33. Kf2 Kf8 34. Ke2 Rxe1+ 35. Kxe1 Rd3 36. Bf2 Nf4 37. Re4 Ne6 38. Re2 Nd4 39. Rd2 Rxd2 40. Kxd2 Ne6 41. Bg3 f5 42. Bd6+ Kf7 43. h4 h6 44. Ke3 Kf6 45. Kf3 g5 46. hxg5+ hxg5 47. g3 Nd8 48. Bc7 Nb7 49. Ke3 Nxc5 50. Bxa5 b3 51. Bd8+ Ke6 52. a5 f4+ 53. gxf4 gxf4+ 54. Kxf4 Kd7 55. Bf6 Kc8 56. Bd4 Na4 57. Ke4 c5 58. Bf6 Kb7 59. Kd5 Ka6 60. Be5 Kxa5 61. Bg7 Kb4 62. Bf8 Nxb2 63. Bxc5+ Ka4 64. Bd4 1/2-1/2